[Event "Jastrzebia Gora Fianchetto op"]
[Site "Jastrzebia Gora"]
[Date "2014.??.??"]
[Round "1"]
[White "Grobelna, Ewa"]
[Black "Karolak, Jan"]
[Result "0-1"]
[WhiteElo "1528"]
[BlackElo "1886"]
[PlyCount "21"]
[EventDate "2014.08.31"]
[EventType "swiss"]
[EventRounds "9"]
[EventCountry "POL"]
[SourceTitle "CBM 162 Extra"]
[Source "ChessBase"]
[SourceDate "2014.10.17"]
[SourceVersion "1"]
[SourceVersionDate "2014.10.17"]
[SourceQuality "1"]

1. c4 Nf6 2. Nc3 g6 3. e4 d6 4. d4 Bg7 5. Bd3 0-0 6. Nf3 c6 7. 0-0 b5 8. a3 a5 9. Bf4 Re8 10. e5 dxe5 11. dxe5 0-1

[Event "Jastrzebia Gora Fianchetto op"]
[Site "Jastrzebia Gora"]
[Date "2014.??.??"]
[Round "6"]
[White "Karolak, Jan"]
[Black "Wysocki, Mieczyslaw"]
[Result "1-0"]
[WhiteElo "1886"]
[BlackElo "1729"]
[PlyCount "55"]
[EventDate "2014.08.31"]
[EventType "swiss"]
[EventRounds "9"]
[EventCountry "POL"]
[SourceTitle "CBM 162 Extra"]
[Source "ChessBase"]
[SourceDate "2014.10.17"]
[SourceVersion "1"]
[SourceVersionDate "2014.10.17"]
[SourceQuality "1"]

1. Nf3 f5 2. c4 Nf6 3. d4 g6 4. b3 Bg7 5. Bb2 e6 6. e3 Nc6 7. g3 0-0 8. Bg2 d5 9. 0-0 Re8 10. Nc3 Ne4 11. Nxe4 fxe4 12. Ne5 Nxe5 13. dxe5 Bh6 14. Qc2 c6 15. Rad1 Qg5 16. h4 Qf5 17. Kh2 Qf7 18. Qe2 Bd7 19. Rh1 a6 20. Rhf1 Rec8 21. c5 Bf8 22. Bd4 Be7 23. b4 Qf8 24. Bc3 Qh6 25. Qg4 Rf8 26. Bxe4 Rxf2+ 27. Rxf2 Qxe3 28. Qf3 1-0

[Event "Jastrzebia Gora Fianchetto op"]
[Site "Jastrzebia Gora"]
[Date "2014.??.??"]
[Round "9"]
[White "Wilmanowicz, Slawomir"]
[Black "Karolak, Jan"]
[Result "1-0"]
[WhiteElo "1632"]
[BlackElo "1886"]
[PlyCount "35"]
[EventDate "2014.08.31"]
[EventType "swiss"]
[EventRounds "9"]
[EventCountry "POL"]
[SourceTitle "CBM 162 Extra"]
[Source "ChessBase"]
[SourceDate "2014.10.17"]
[SourceVersion "1"]
[SourceVersionDate "2014.10.17"]
[SourceQuality "1"]

1. e4 Nf6 2. e5 Nd5 3. c4 Nb6 4. d4 d6 5. exd6 exd6 6. h3 g6 7. Nf3 Bg7 8. Bd3 Qe7+ 9. Be3 0-0 10. 0-0 Nc6 11. a3 h6 12. Qd2 Kh7 13. Nc3 Na5 14. Qe2 f5 15. b4 Nc6 16. Qc2 Qf7 17. b5 Ne7 18. d5 1-0

[Event "Rowy op 09"]
[Site "Rowy"]
[Date "2012.09.??"]
[Round "8"]
[White "Karolak, Jan"]
[Black "Radwan, Jan"]
[Result "1-0"]
[WhiteElo "1906"]
[BlackElo "1618"]
[PlyCount "65"]
[EventDate "2012.09.??"]
[EventType "swiss"]
[EventRounds "9"]
[EventCountry "POL"]
[SourceTitle "EXT 2014"]
[Source "ChessBase"]
[SourceDate "2013.11.20"]
[SourceVersion "1"]
[SourceVersionDate "2013.11.20"]
[SourceQuality "1"]

1. Nf3 b6 2. g3 Bb7 3. Bg2 c5 4. d3 e6 5. 0-0 Nf6 6. e4 h6 7. Nc3 d6 8. Re1 Be7 9. e5 dxe5 10. Nxe5 Bxg2 11. Kxg2 0-0 12. Qf3 Na6 13. Nc6 Qd7 14. Nxe7+ Qxe7 15. a3 Rac8 16. Bf4 Rfd8 17. Be5 Nd7 18. Qb7 Nab8 19. Bxb8 Rxb8 20. Qxa7 Qg5 21. Qc7 Nf8 22. Qe5 Qe7 23. Kg1 Ng6 24. Qh5 Qf6 25. Rab1 Rd7 26. Re3 Qd8 27. Qf3 Ne7 28. Re5 Nf5 29. Nb5 Qf6 30. Ree1 Qg6 31. Qf4 Rbd8 32. Qe5 Rd5 33. Qc7 1-0

[Event "Rowy op 09"]
[Site "Rowy"]
[Date "2012.09.??"]
[Round "1"]
[White "Woronowicz, Zbigniew"]
[Black "Karolak, Jan"]
[Result "0-1"]
[WhiteElo "1554"]
[BlackElo "1906"]
[PlyCount "36"]
[EventDate "2012.09.??"]
[EventType "swiss"]
[EventRounds "9"]
[EventCountry "POL"]
[SourceTitle "EXT 2014"]
[Source "ChessBase"]
[SourceDate "2013.11.20"]
[SourceVersion "1"]
[SourceVersionDate "2013.11.20"]
[SourceQuality "1"]

1. Nf3 d5 2. c4 d4 3. d3 Nc6 4. g3 e5 5. e3 Bb4+ 6. Bd2 dxe3 7. fxe3 Bg4 8. Bxb4 Nxb4 9. Qa4+ Nc6 10. Bg2 Qxd3 11. Nbd2 Qxe3+ 12. Kd1 0-0-0 13. Kc2 e4 14. Rhe1 Qd3+ 15. Kc1 exf3 16. Nxf3 Bxf3 17. Qc2 Qxc2+ 18. Kxc2 Bxg2 0-1

[Event "Police Gniota Memorial 24th"]
[Site "Police"]
[Date "2009.07.11"]
[Round "4"]
[White "Zschaebitz, Klaus"]
[Black "Karolak, Jan"]
[Result "1-0"]
[WhiteElo "2100"]
[BlackElo "1956"]
[PlyCount "119"]
[EventDate "2009.07.08"]
[EventType "swiss"]
[EventRounds "9"]
[EventCountry "POL"]
[SourceTitle "CBM 131 Extra"]
[Source "ChessBase"]
[SourceDate "2009.09.03"]
[SourceVersion "2"]
[SourceVersionDate "2009.09.16"]
[SourceQuality "1"]

1. Nf3 Nf6 2. d4 g6 3. c4 d6 4. Nc3 c6 5. e4 Bg7 6. h3 0-0 7. Be3 a6 8. a4 Qc7 9. Be2 Nbd7 10. Nd2 e5 11. d5 a5 12. g4 h6 13. Nf1 Nc5 14. Ng3 Re8 15. h4 Nh7 16. Na2 Bd7 17. Nc1 Qb6 18. b3 cxd5 19. cxd5 Qb4+ 20. Qd2 Qxd2+ 21. Bxd2 Nf6 22. f3 Rec8 23. h5 g5 24. Bc4 Nh7 25. Ke2 b6 26. Nd3 Nxa4 27. bxa4 Rxc4 28. Rhb1 Rxa4 29. Rxa4 Bxa4 30. Rxb6 Bf8 31. Nf5 Nf6 32. Nb2 Be8 33. Nc4 a4 34. Bc1 Nd7 35. Rb4 Nc5 36. Ba3 Nb3 37. Kd3 Nd4 38. Nxd4 exd4 39. Kxd4 Bg7+ 40. Kd3 Bf6 41. Rb1 Bd7 42. Bxd6 Bd8 43. Ba3 f6 44. Ne3 Bc8 45. Nf5 Ba6+ 46. Kd2 Bc7 47. Nxh6+ Kh7 48. Nf5 Be5 49. Ne7 Ra7 50. Nc6 Bf4+ 51. Kd1 Ra8 52. Bc5 a3 53. Bxa3 Be2+ 54. Kxe2 Rxa3 55. Rb7+ Kh8 56. Ne7 Ra2+ 57. Kd3 Ra3+ 58. Kc4 Bd6 59. Ng6+ Kg8 60. h6 1-0

[Event "Police Gniota Memorial 24th"]
[Site "Police"]
[Date "2009.07.09"]
[Round "2"]
[White "Radwan, Leszek"]
[Black "Karolak, Jan"]
[Result "1-0"]
[WhiteElo "2146"]
[BlackElo "1956"]
[PlyCount "93"]
[EventDate "2009.07.08"]
[EventType "swiss"]
[EventRounds "9"]
[EventCountry "POL"]
[SourceTitle "CBM 131 Extra"]
[Source "ChessBase"]
[SourceDate "2009.09.03"]
[SourceVersion "2"]
[SourceVersionDate "2009.09.16"]
[SourceQuality "1"]

1. Nf3 Nf6 2. g3 g6 3. Bg2 Bg7 4. 0-0 0-0 5. c4 d6 6. d4 c6 7. Nc3 Nbd7 8. e4 e5 9. dxe5 Nxe5 10. Nxe5 dxe5 11. Qe2 Be6 12. Be3 Qc8 13. Rfd1 Ng4 14. Bc5 Rd8 15. f3 Nf6 16. Rxd8+ Qxd8 17. Rd1 Qa5 18. b4 Qa3 19. Nb1 Qa6 20. Bf1 b6 21. Be3 b5 22. cxb5 cxb5 23. Qxb5 Qxb5 24. Bxb5 Bxa2 25. Nc3 Bb3 26. Rb1 Be6 27. Bc6 Rc8 28. b5 a6 29. bxa6 Rxc6 30. a7 Ra6 31. Rb8+ Bf8 32. a8Q Rxa8 33. Rxa8 Kg7 34. Bh6+ Kxh6 35. Rxf8 Kg7 36. Ra8 g5 37. Kf2 h5 38. Nb5 g4 39. Nc7 Bd7 40. Nd5 Bc6 41. Rd8 Nd7 42. fxg4 hxg4 43. Ne7 Bb5 44. Nf5+ Kg6 45. Rg8+ Kh7 46. Rxg4 Nf6 47. Rg7+ 1-0

[Event "Polanica Zdroj op Seniors 44th"]
[Site "Polanica Zdroj"]
[Date "2008.08.26"]
[Round "8.5"]
[White "Karolak, Jan"]
[Black "Drazek, Wladyslaw"]
[Result "0-1"]
[WhiteElo "1950"]
[BlackElo "2019"]
[PlyCount "74"]
[EventDate "2008.08.19"]
[EventType "swiss"]
[EventRounds "9"]
[EventCountry "POL"]
[SourceTitle "EXT 2023"]
[Source "ChessBase"]
[SourceDate "2022.10.05"]
[SourceVersion "1"]
[SourceVersionDate "2022.10.05"]
[SourceQuality "1"]

1. Nf3 Nf6 2. g3 d6 3. Bg2 c5 4. d3 g6 5. c3 Bg7 6. 0-0 0-0 7. Nbd2 Nc6 8. e4 Qc7 9. Nc4 Be6 10. Ne3 Rfd8 11. Ng5 Bd7 12. Nd5 Qc8 13. Re1 h6 14. Nf3 Nxd5 15. exd5 Ne5 16. Bf4 Nxf3+ 17. Bxf3 g5 18. Be3 e5 19. d4 b6 20. dxe5 dxe5 21. Qc1 f5 22. Bh5 f4 23. Bd2 Bg4 24. Bxg4 Qxg4 25. Qd1 Qxd1 26. Raxd1 Rxd5 27. Bc1 Rad8 28. Rxd5 Rxd5 29. f3 Kf7 30. Kf2 Rd3 31. Ke2 c4 32. Bd2 Ke6 33. gxf4 exf4 34. Bc1 b5 35. h4 Kf5 36. hxg5 hxg5 37. Rg1 b4 0-1

[Event "Brandenburg-ch Seniors 17th"]
[Site "Rowy"]
[Date "2008.06.29"]
[Round "6"]
[White "Groeling, Juergen"]
[Black "Karolak, Jan"]
[Result "1-0"]
[WhiteElo "1825"]
[BlackElo "1760"]
[PlyCount "27"]
[EventDate "2008.06.23"]
[EventType "swiss"]
[EventRounds "9"]
[EventCountry "POL"]
[SourceTitle "EXT 2022"]
[Source "ChessBase"]
[SourceDate "2021.10.06"]
[SourceVersion "1"]
[SourceVersionDate "2021.10.06"]
[SourceQuality "1"]

1. b3 Nf6 2. Bb2 d6 3. f4 b6 4. Nf3 Bb7 5. d3 Ng4 6. Qd2 e5 7. e4 f5 8. Nc3 fxe4 9. dxe4 Nf6 10. Bd3 Nbd7 11. 0-0 Nc5 12. Rae1 exf4 13. Qxf4 Ne6 14. Qf5 1-0

[Event "Brandenburg-ch Seniors 17th"]
[Site "Rowy"]
[Date "2008.06.25"]
[Round "3"]
[White "Karolak, Jan"]
[Black "Casny, Guenter"]
[Result "0-1"]
[WhiteElo "1760"]
[BlackElo "1727"]
[PlyCount "81"]
[EventDate "2008.06.23"]
[EventType "swiss"]
[EventRounds "9"]
[EventCountry "POL"]
[SourceTitle "EXT 2022"]
[Source "ChessBase"]
[SourceDate "2021.10.06"]
[SourceVersion "1"]
[SourceVersionDate "2021.10.06"]
[SourceQuality "1"]

1. Nf3 c5 2. g3 g6 3. Bg2 Bg7 4. c4 Nc6 5. e3 d6 6. 0-0 Bg4 7. h3 Be6 8. d3 Qc8 9. Kh2 Nf6 10. Nc3 Rb8 11. Qe2 0-0 12. d4 cxd4 13. exd4 Na5 14. b3 Re8 15. Bd2 Nxc4 16. bxc4 Bxc4 17. Qe3 Bxf1 18. Rxf1 d5 19. Ne5 e6 20. Nb5 Qc2 21. Nd6 Re7 22. Bb4 Qxa2 23. Nf5 Ree8 24. Nxg7 Kxg7 25. Bd2 Ng8 26. Qf4 f6 27. Nf3 Rbc8 28. Qd6 Qa4 29. h4 Qc6 30. Qa3 a6 31. Bh3 Qd7 32. Rb1 Rc6 33. h5 b5 34. hxg6 hxg6 35. Qd3 Nh6 36. Nh4 Qf7 37. Qe3 Rh8 38. Qd3 f5 39. Rg1 Ng8 40. Bb4 Rh5 41. Bc5 0-1

[Event "Brandenburg Seniors op 16th"]
[Site "Rowy"]
[Date "2007.06.23"]
[Round "5"]
[White "Karolak, Jan"]
[Black "Kohl, Kurt"]
[Result "1-0"]
[WhiteElo "1954"]
[BlackElo "1965"]
[PlyCount "69"]
[EventDate "2007.06.18"]
[EventType "swiss"]
[EventRounds "9"]
[EventCountry "POL"]
[SourceTitle "EXT 2011"]
[Source "ChessBase"]
[SourceDate "2010.11.26"]
[SourceVersion "1"]
[SourceVersionDate "2010.11.26"]
[SourceQuality "1"]

1. Nf3 d5 2. g3 Nf6 3. d4 g6 4. Bg2 Bg7 5. 0-0 0-0 6. Nbd2 Re8 7. c4 c6 8. b3 Bf5 9. Nh4 Bd7 10. Bb2 Na6 11. e4 dxe4 12. Nxe4 Nxe4 13. Bxe4 f5 14. Bg2 Nc7 15. Nf3 e6 16. Ne5 Qe7 17. Re1 Rad8 18. Qd2 Bc8 19. Qa5 Na6 20. Rad1 Qb4 21. Bc3 Qxa5 22. Bxa5 b6 23. Bc3 Bxe5 24. Rxe5 c5 25. d5 Kf8 26. a3 exd5 27. cxd5 Rxe5 28. Bxe5 Bb7 29. Bf1 Nb8 30. Bc7 Rc8 31. d6 Nd7 32. Bb5 Ne5 33. d7 Nxd7 34. Rxd7 a6 35. Bd6+ 1-0

[Event "Brandenburg Seniors op 16th"]
[Site "Rowy"]
[Date "2007.06.22"]
[Round "4"]
[White "Schmidt, Hans Juergen"]
[Black "Karolak, Jan"]
[Result "1-0"]
[WhiteElo "2050"]
[BlackElo "1954"]
[PlyCount "90"]
[EventDate "2007.06.18"]
[EventType "swiss"]
[EventRounds "9"]
[EventCountry "POL"]
[SourceTitle "EXT 2011"]
[Source "ChessBase"]
[SourceDate "2010.11.26"]
[SourceVersion "1"]
[SourceVersionDate "2010.11.26"]
[SourceQuality "1"]

1. d4 Nf6 2. Nf3 g6 3. Nc3 d5 4. e3 Bg7 5. Be2 Nbd7 6. 0-0 0-0 7. h3 c5 8. Re1 a6 9. Bf1 b5 10. a3 Bb7 11. Ne2 Qc7 12. c3 Ne4 13. Nd2 Ndf6 14. f3 Ng3 15. Nxg3 Qxg3 16. Qe2 cxd4 17. exd4 Nh5 18. Qf2 Qd6 19. Nb3 e5 20. g4 Nf4 21. Nc5 Bc6 22. Bxf4 exf4 23. Re2 a5 24. Rae1 b4 25. axb4 axb4 26. Rd2 bxc3 27. bxc3 Ra3 28. Rc2 Rfa8 29. Rb1 Bf6 30. Qd2 Re8 31. Re1 Rea8 32. Rb1 Bh4 33. Qc1 Ra2 34. Rcb2 Bg3 35. Qd2 Ra1 36. Qc1 R1a7 37. Qd1 Re7 38. Re2 Rd8 39. Rbb2 Re3 40. Nd3 f6 41. Kg2 h5 42. Nf2 Qa3 43. Rb3 Qa4 44. Rxe3 fxe3 45. Nd3 Bd6 1-0

[Event "Brandenburg Seniors op 16th"]
[Site "Rowy"]
[Date "2007.06.20"]
[Round "3"]
[White "Karolak, Jan"]
[Black "Olejarczyk, Bogdan"]
[Result "0-1"]
[WhiteElo "1954"]
[BlackElo "2223"]
[PlyCount "44"]
[EventDate "2007.06.18"]
[EventType "swiss"]
[EventRounds "9"]
[EventCountry "POL"]
[SourceTitle "EXT 2011"]
[Source "ChessBase"]
[SourceDate "2010.11.26"]
[SourceVersion "1"]
[SourceVersionDate "2010.11.26"]
[SourceQuality "1"]

1. Nf3 d5 2. g3 Nf6 3. Bg2 Bf5 4. d4 e6 5. 0-0 Nbd7 6. c4 c6 7. Nbd2 Be7 8. Nh4 Bg4 9. f4 Ne4 10. Bxe4 Bxh4 11. Nf3 Be7 12. Bd3 0-0 13. Kg2 dxc4 14. Bxc4 c5 15. h3 Bxf3+ 16. Rxf3 Nb6 17. Qd3 Nxc4 18. Qxc4 cxd4 19. Rd3 Bf6 20. Be3 Rc8 21. Qb3 Qd7 22. Rad1 Qc6+ 0-1

[Event "Brandenburg Seniors op 15th"]
[Site "Rowy"]
[Date "2006.06.27"]
[Round "8"]
[White "Karolak, Jan"]
[Black "Gensch, Manfred"]
[Result "1-0"]
[WhiteElo "1771"]
[BlackElo "1717"]
[PlyCount "67"]
[EventDate "2006.06.19"]
[EventType "swiss"]
[EventRounds "9"]
[EventCountry "POL"]
[SourceTitle "EXT 2007"]
[Source "ChessBase"]
[SourceDate "2006.11.23"]
[SourceVersion "1"]
[SourceVersionDate "2006.11.23"]
[SourceQuality "1"]

1. Nf3 Nf6 2. g3 c5 3. Bg2 Nc6 4. 0-0 d5 5. d4 e6 6. c3 Qb6 7. a4 a5 8. Na3 cxd4 9. cxd4 Bd6 10. Nb5 Bb8 11. Bg5 Ne4 12. Be3 0-0 13. Ng5 Nf6 14. Nf3 Na7 15. Nxa7 Bxa7 16. Rb1 Bd7 17. Ne5 Bc6 18. Nxc6 Qxc6 19. Bf4 Rfc8 20. e3 Qc2 21. b4 axb4 22. Rxb4 b6 23. Qxc2 Rxc2 24. a5 bxa5 25. Rb7 h6 26. Ra1 g5 27. Be5 Ng4 28. Rxa5 f6 29. Bd6 Rc1+ 30. Bf1 Nxh2 31. Kxh2 Rxf1 32. Kg2 Rc1 33. Raxa7 Rxa7 34. Rxa7 1-0

[Event "Brandenburg Seniors op 15th"]
[Site "Rowy"]
[Date "2006.06.21"]
[Round "3"]
[White "Karolak, Jan"]
[Black "Heinrich, Klaus1111"]
[Result "1/2-1/2"]
[WhiteElo "1771"]
[BlackElo "1596"]
[PlyCount "53"]
[EventDate "2006.06.19"]
[EventType "swiss"]
[EventRounds "9"]
[EventCountry "POL"]
[SourceTitle "EXT 2007"]
[Source "ChessBase"]
[SourceDate "2006.11.23"]
[SourceVersion "1"]
[SourceVersionDate "2006.11.23"]
[SourceQuality "1"]

1. Nf3 d5 2. g3 Bf5 3. d3 h6 4. Bg2 c6 5. Nbd2 Nf6 6. c4 e6 7. 0-0 Nbd7 8. Nd4 Bg6 9. e4 e5 10. Nf5 Bxf5 11. exf5 Bd6 12. d4 e4 13. c5 Bc7 14. b4 0-0 15. a4 Re8 16. Nb3 a6 17. Be3 Qe7 18. h3 Nh7 19. Re1 Qf6 20. Qg4 Kh8 21. Bf1 b6 22. b5 axb5 23. axb5 Rab8 24. Bf4 Bxf4 25. Qxf4 bxc5 26. bxc6 Qxc6 27. Nxc5 1/2-1/2

[Event "Brandenburg Seniors op 15th"]
[Site "Rowy"]
[Date "2006.06.20"]
[Round "2"]
[White "Troeger, Rainer"]
[Black "Karolak, Jan"]
[Result "1-0"]
[WhiteElo "2070"]
[BlackElo "1771"]
[PlyCount "61"]
[EventDate "2006.06.19"]
[EventType "swiss"]
[EventRounds "9"]
[EventCountry "POL"]
[SourceTitle "EXT 2007"]
[Source "ChessBase"]
[SourceDate "2006.11.23"]
[SourceVersion "1"]
[SourceVersionDate "2006.11.23"]
[SourceQuality "1"]

1. Nf3 Nf6 2. g3 g6 3. d3 d5 4. Nbd2 Bg7 5. e4 dxe4 6. dxe4 c6 7. Bg2 Qc7 8. Qe2 Ng4 9. h3 Ne5 10. Nxe5 Bxe5 11. Nc4 Bg7 12. a4 Be6 13. c3 Nd7 14. Bf4 Bxc4 15. Qxc4 e5 16. Bg5 h6 17. Be3 b6 18. 0-0 0-0 19. f4 Rac8 20. h4 h5 21. Bh3 Rcd8 22. f5 Kh8 23. Rf2 Nf6 24. Raf1 Rd6 25. Bg5 Kh7 26. Qe2 c5 27. g4 c4 28. fxg6+ fxg6 29. gxh5 Qc5 30. Be3 Qc6 31. Kh2 1-0

[Event "Brandenburg Seniors op 13th"]
[Site "Rowy"]
[Date "2004.06.30"]
[Round "9"]
[White "Karolak, Jan"]
[Black "Ollek, Karl Heinz"]
[Result "1/2-1/2"]
[WhiteElo "1994"]
[BlackElo "1581"]
[PlyCount "48"]
[EventDate "2004.06.21"]
[EventType "swiss"]
[EventRounds "9"]
[EventCountry "POL"]
[SourceTitle "EXT 2006"]
[Source "ChessBase"]
[SourceDate "2005.11.24"]
[SourceVersion "1"]
[SourceVersionDate "2005.11.24"]
[SourceQuality "1"]

1. Nf3 Nf6 2. g3 Nc6 3. d4 d5 4. Bg2 e6 5. 0-0 Be7 6. Nbd2 0-0 7. c4 Rb8 8. a3 h6 9. b4 dxc4 10. Nxc4 b5 11. Nce5 Bb7 12. Nxc6 Bxc6 13. Bb2 Bd5 14. Re1 Bd6 15. Rc1 Re8 16. Ne5 Bxg2 17. Kxg2 Bxe5 18. dxe5 Nd5 19. e4 Nb6 20. Qxd8 Rexd8 21. Rxc7 Nc4 22. Bc1 Nxe5 23. Rxa7 Nd3 24. Rf1 Rdc8 1/2-1/2

[Event "Brandenburg Seniors op 13th"]
[Site "Rowy"]
[Date "2004.06.28"]
[Round "7"]
[White "Karolak, Jan"]
[Black "Casny, Guenter"]
[Result "1/2-1/2"]
[WhiteElo "1994"]
[BlackElo "1755"]
[PlyCount "99"]
[EventDate "2004.06.21"]
[EventType "swiss"]
[EventRounds "9"]
[EventCountry "POL"]
[SourceTitle "EXT 2006"]
[Source "ChessBase"]
[SourceDate "2005.11.24"]
[SourceVersion "1"]
[SourceVersionDate "2005.11.24"]
[SourceQuality "1"]

1. Nf3 d5 2. d4 Nc6 3. h3 Nf6 4. e3 h6 5. Bb5 Bd7 6. Nbd2 a6 7. Ba4 b5 8. Bb3 Na5 9. 0-0 e6 10. Ne5 Bd6 11. f4 c5 12. c3 cxd4 13. exd4 Nxb3 14. Nxb3 0-0 15. Be3 Ne4 16. Nd2 Ng3 17. Re1 Be7 18. Bf2 Nf5 19. Ndf3 Be8 20. g4 Nd6 21. Qc2 Ne4 22. Kg2 Nxf2 23. Qxf2 Rc8 24. a3 f6 25. Nd3 Bg6 26. Nc5 Bxc5 27. dxc5 Be4 28. Kg1 Bxf3 29. Qxf3 Re8 30. b4 Qd7 31. Rad1 Rcd8 32. Qd3 Qc6 33. Qg6 Qc7 34. Rxd5 Qxf4 35. Rxe6 Qg3+ 36. Kh1 Qxh3+ 37. Kg1 Qg3+ 38. Kf1 Qf3+ 39. Kg1 Qxd5 40. Rxe8+ Rxe8 41. Qxe8+ Kh7 42. c6 Qd1+ 43. Kf2 Qxg4 44. Qd7 Qf4+ 45. Ke2 Qe4+ 46. Kd2 f5 47. c7 Qf4+ 48. Kc2 Qe4+ 49. Qd3 Qe6 50. Qd8 1/2-1/2

[Event "Brandenburg Seniors op 13th"]
[Site "Rowy"]
[Date "2004.06.26"]
[Round "5"]
[White "Karolak, Jan"]
[Black "Bade, Heidrun"]
[Result "1/2-1/2"]
[WhiteElo "1994"]
[BlackElo "1756"]
[PlyCount "85"]
[EventDate "2004.06.21"]
[EventType "swiss"]
[EventRounds "9"]
[EventCountry "POL"]
[SourceTitle "EXT 2006"]
[Source "ChessBase"]
[SourceDate "2005.11.24"]
[SourceVersion "1"]
[SourceVersionDate "2005.11.24"]
[SourceQuality "1"]

1. Nf3 Nf6 2. g3 d5 3. d4 e6 4. Bg2 Be7 5. 0-0 0-0 6. Nbd2 Nbd7 7. c4 Rb8 8. a3 c5 9. dxc5 Bxc5 10. b4 Bd6 11. Bb2 Re8 12. Qc2 h6 13. e4 dxe4 14. Nxe4 Nxe4 15. Qxe4 Nf6 16. Qe3 e5 17. Rad1 Qe7 18. Qxa7 Bg4 19. h3 Bf5 20. Qe3 Rbd8 21. c5 Bb8 22. Rxd8 Qxd8 23. Nh4 Bc8 24. Kh2 e4 25. Bxf6 Qxf6 26. Bxe4 Qxh4 27. Bh7+ Kxh7 28. Qxe8 Qxh3+ 29. Kg1 Bxg3 30. Qe4+ Bf5 31. Qg2 Qxg2+ 32. Kxg2 Be5 33. Kf3 Kg6 34. b5 Bd3 35. Re1 Kf6 36. a4 Ke6 37. Rc1 f5 38. Ke3 Be4 39. f4 Bc7 40. Rg1 Kf6 41. Rd1 Ke7 42. Rg1 Kf6 43. Rd1 1/2-1/2

[Event "Rowy Seniors op 7th"]
[Site "Rowy"]
[Date "2003.09.05"]
[Round "6"]
[White "Karolak, Jan"]
[Black "Szczepaniec, Stanislaw"]
[Result "0-1"]
[WhiteElo "2000"]
[BlackElo "2085"]
[PlyCount "92"]
[EventDate "2003.08.??"]
[EventType "swiss"]
[EventRounds "9"]
[EventCountry "POL"]
[SourceTitle "EXT 2006"]
[Source "ChessBase"]
[SourceDate "2005.11.24"]
[SourceVersion "1"]
[SourceVersionDate "2005.11.24"]
[SourceQuality "1"]

1. Nf3 c5 2. g3 Nc6 3. Bg2 e5 4. d3 d5 5. 0-0 f6 6. e3 Be6 7. Nbd2 Qd7 8. e4 d4 9. Nh4 g5 10. Nf5 Bxf5 11. exf5 Qxf5 12. Qh5+ Qg6 13. Qxg6+ hxg6 14. Ne4 0-0-0 15. a4 Be7 16. Bd2 Nh6 17. a5 Nf7 18. f4 gxf4 19. gxf4 exf4 20. Bxf4 f5 21. Ng3 Nb4 22. Rae1 Rhe8 23. Bh3 Bd6 24. Rxe8 Rxe8 25. Ne4 Bxf4 26. Rxf4 Nxc2 27. Bxf5+ gxf5 28. Rxf5 Rxe4 29. Rxc5+ Kd7 30. dxe4 Ne3 31. Kf2 Kd6 32. b4 Ne5 33. Ke2 b6 34. axb6 axb6 35. Rc8 Kd7 36. Rc1 Ke6 37. Rc8 N3c4 38. h4 d3+ 39. Kd1 b5 40. Rd8 Nf3 41. Rxd3 Nb2+ 42. Ke2 Nxd3 43. Kxf3 Nxb4 44. h5 Kf6 45. Ke3 Nc6 46. Kf4 b4 0-1

[Event "Rowy Seniors op 7th"]
[Site "Rowy"]
[Date "2003.09.02"]
[Round "3"]
[White "Olszewski, Jerzy"]
[Black "Karolak, Jan"]
[Result "1/2-1/2"]
[WhiteElo "2108"]
[BlackElo "2000"]
[PlyCount "68"]
[EventDate "2003.08.??"]
[EventType "swiss"]
[EventRounds "9"]
[EventCountry "POL"]
[SourceTitle "EXT 2006"]
[Source "ChessBase"]
[SourceDate "2005.11.24"]
[SourceVersion "1"]
[SourceVersionDate "2005.11.24"]
[SourceQuality "1"]

1. e4 Nf6 2. Nc3 d5 3. exd5 Nxd5 4. Nge2 g6 5. Nxd5 Qxd5 6. Nc3 Qe5+ 7. Be2 Bg7 8. d3 0-0 9. 0-0 Nc6 10. Re1 a6 11. Bf3 Qd6 12. Ne4 Qd8 13. c3 Ne5 14. Be2 b6 15. d4 Bb7 16. Ng3 Nd7 17. Bf4 e5 18. dxe5 Nxe5 19. Qc2 Qd5 20. f3 Ng4 21. Ne4 f5 22. Rad1 Qc6 23. fxg4 fxe4 24. Be3 Rad8 25. Rxd8 Rxd8 26. Rd1 Rxd1+ 27. Qxd1 Be5 28. g3 Qd6 29. Qb3+ Kg7 30. Kg2 Bd5 31. c4 Be6 32. Qc2 Bd7 33. b3 c5 34. Qc1 Bd4 1/2-1/2

[Event "Brandenburg Seniors op 12th"]
[Site "Rowy"]
[Date "2003.06.24"]
[Round "8"]
[White "Schult, Otto"]
[Black "Karolak, Jan"]
[Result "0-1"]
[WhiteElo "1605"]
[BlackElo "1800"]
[PlyCount "40"]
[EventDate "2003.06.??"]
[EventType "swiss"]
[EventRounds "9"]
[EventCountry "POL"]
[SourceTitle "EXT 2006"]
[Source "ChessBase"]
[SourceDate "2005.11.24"]
[SourceVersion "1"]
[SourceVersionDate "2005.11.24"]
[SourceQuality "1"]

1. d4 Nf6 2. c4 e6 3. Nc3 c5 4. d5 d6 5. e4 exd5 6. cxd5 a6 7. a4 g6 8. Bd3 Nbd7 9. f4 Bg7 10. Nf3 0-0 11. 0-0 Re8 12. h3 b6 13. Re1 Bb7 14. Bc2 b5 15. e5 dxe5 16. fxe5 Nh5 17. g4 b4 18. Ne4 Nxe5 19. gxh5 Nxf3+ 20. Qxf3 Bd4+ 0-1